Suburb to City - Statistics

General Stats
  • This quiz has been taken 10 times
  • The average score is 7 of 16
Answer Stats
Hint Answer % Correct
Twickenham London
89%
Saint-Germain-en-Laye Paris
89%
Giza Cairo
78%
Yonkers New York
78%
Nakano Tokyo
78%
Trastevere Rome
56%
Swords Dublin
44%
Tverskaya Moscow
44%
Mesa Phoenix
44%
Chacara Flora Sao Paulo
33%
Belgrano Buenos Aires
22%
Prahran Melbourne
22%
Mirdif Dubai
11%
Bandra Mumbai
11%
Sandton Johannesburg
0%
Thames Town Shanghai
0%
No matching quizzes found
Score Distribution
Percent of People with Each Score
Percentile by Number Answered
Your Score History
You have not taken this quiz